00269nam a2200109Ia 4500008004100000082001900041100002200060245002400082260003700106300000800143650000800151191201s2006 xx 000 0 und d a658.80285bMIE aMISHRA, Anuranjan 0aElectronic Commerce aN.DelhibGalgotia Pub. Pvtc2006 a285 aMBA